000 00387nam a2200169Ia 4500
008 230524s9999 xx 000 0 und d
020 _a9780070681927
082 _bGAN
100 _a"Ganesan, V"
245 0 _a"Gas Turbines, "
250 _a3
260 _aNew Delhi
_bTMH
_c2010
300 _axxiii;627 p.
500 _aQuantity Number: 102
650 _aMechanics
942 _cBK
999 _c52620
_d52620